[Event "GER MS-225 email"]
[Site "GER email"]
[Date "2015.08.16"]
[Round "?"]
[White "Reichgeld, Manfred"]
[Black "Hinz, Juergen"]
[Result "1/2-1/2"]
[WhiteElo "2037"]
[BlackElo "2059"]
[PlyCount "104"]
[EventDate "2015.08.21"]
[EventType "tourn (corr)"]
[EventRounds "6"]
[EventCountry "GER"]
[SourceTitle "Corr 2020"]
[Source "ChessBase"]
[SourceDate "2019.09.30"]
[SourceVersion "1"]
[SourceVersionDate "2019.09.30"]
[SourceQuality "1"]

1. d4 Nf6 2. c4 e6 3. Nc3 Bb4 4. Qc2 0-0 5. a3 Bxc3+ 6. Qxc3 b6 7. Nf3 Bb7 8. e3 d6 9. Be2 Nbd7 10. 0-0 a5 11. b3 Ne4 12. Qc2 f5 13. Bb2 Qe7 14. b4 Ndf6 15. b5 Rac8 16. a4 Ng4 17. h3 Ngf6 18. Rfd1 Nd7 19. Bf1 h5 20. Bd3 g5 21. Nd2 Nxd2 22. Qxd2 g4 23. d5 Rce8 24. Bc2 Qg5 25. Kh1 Nc5 26. f4 Qg6 27. Kh2 Kf7 28. Bd4 exd5 29. cxd5 Ke7 30. Qf2 Kd7 31. h4 Kc8 32. g3 Qf7 33. Bxc5 dxc5 34. Bb3 Re4 35. Rac1 Rd8 36. Rc3 Bxd5 37. Rxd5 Rxd5 38. Qa2 c4 39. Bxc4 Rxc4 40. Qxc4 Qd7 41. Rc2 Rd2+ 42. Kg1 Rxc2 43. Qxc2 Qd5 44. Kh2 Kb8 45. Qe2 Ka7 46. Qc2 Kb7 47. Qe2 Qe4 48. Qd1 Qxe3 49. Qd5+ Ka7 50. Qc4 Qf2+ 51. Kh1 Qf3+ 52. Kh2 Kb7 1/2-1/2

[Event "GER MS-203 email"]
[Site "GER email"]
[Date "2014.10.11"]
[Round "?"]
[White "Hinz, Juergen"]
[Black "Wittenberg, Gerd"]
[Result "1/2-1/2"]
[WhiteElo "2059"]
[BlackElo "1941"]
[PlyCount "52"]
[EventDate "2014.10.20"]
[EventType "tourn (corr)"]
[EventRounds "6"]
[EventCountry "GER"]
[SourceTitle "Corr 2020"]
[Source "ChessBase"]
[SourceDate "2019.09.30"]
[SourceVersion "1"]
[SourceVersionDate "2019.09.30"]
[SourceQuality "1"]

1. c4 c5 2. Nf3 Nf6 3. Nc3 d5 4. cxd5 Nxd5 5. d4 Nxc3 6. bxc3 cxd4 7. cxd4 e5 8. e3 Nc6 9. dxe5 Qxd1+ 10. Kxd1 Be6 11. Bd3 0-0-0 12. Ke2 Nb4 13. Nd4 Nxd3 14. Kxd3 Bc5 15. Bb2 b6 16. Rhc1 Kb7 17. a4 Rhe8 18. Ke2 Bxd4 19. Bxd4 Rc8 20. a5 Rxc1 21. Rxc1 bxa5 22. Ra1 Rc8 23. Rxa5 Rc2+ 24. Kf3 Ra2 25. Rxa2 Bxa2 26. e6 Bxe6 1/2-1/2

[Event "GER MS-203 email"]
[Site "GER email"]
[Date "2014.10.11"]
[Round "?"]
[White "Linke, Michael"]
[Black "Hinz, Juergen"]
[Result "1/2-1/2"]
[WhiteElo "2024"]
[BlackElo "2059"]
[PlyCount "46"]
[EventDate "2014.10.20"]
[EventType "tourn (corr)"]
[EventRounds "6"]
[EventCountry "GER"]
[SourceTitle "Corr 2020"]
[Source "ChessBase"]
[SourceDate "2019.09.30"]
[SourceVersion "1"]
[SourceVersionDate "2019.09.30"]
[SourceQuality "1"]

1. Nf3 Nf6 2. c4 e6 3. g3 d5 4. d4 dxc4 5. Bg2 a6 6. Ne5 c5 7. Na3 cxd4 8. Naxc4 Bc5 9. 0-0 0-0 10. Bd2 Nd5 11. Rc1 Nd7 12. Nd3 Ba7 13. Ba5 Qe7 14. Qb3 Re8 15. Nb4 N7f6 16. Rc2 Bd7 17. Rfc1 h6 18. Ne5 Rac8 19. Nxd5 exd5 20. Nxd7 Qxd7 21. Rc7 b6 22. Bxb6 Bxb6 23. Qxb6 Rxc7 1/2-1/2

[Event "GER MS-198 email"]
[Site "GER email"]
[Date "2014.07.07"]
[Round "?"]
[White "Jankowiak, Andreas"]
[Black "Hinz, Juergen"]
[Result "1/2-1/2"]
[WhiteElo "2056"]
[BlackElo "2028"]
[PlyCount "52"]
[EventDate "2014.06.20"]
[EventType "tourn (corr)"]
[EventRounds "6"]
[EventCountry "GER"]
[SourceTitle "Corr 2020"]
[Source "ChessBase"]
[SourceDate "2019.09.30"]
[SourceVersion "1"]
[SourceVersionDate "2019.09.30"]
[SourceQuality "1"]

1. d4 Nf6 2. c4 e6 3. g3 d5 4. Nf3 dxc4 5. Bg2 Bb4+ 6. Bd2 a5 7. 0-0 0-0 8. Bg5 b5 9. Ne5 c6 10. a4 Ra6 11. Nc3 h6 12. Bxf6 gxf6 13. Nf3 Rb6 14. e4 Bxc3 15. bxc3 b4 16. Qc1 Kg7 17. Rd1 Ba6 18. Bf1 Qc7 19. Nd2 c5 20. d5 Qe5 21. Rb1 exd5 22. exd5 Nd7 23. Nxc4 Bxc4 24. Bxc4 Rd6 25. Bb5 Qe4 26. cxb4 cxb4 1/2-1/2

[Event "GER MS-198 email"]
[Site "GER email"]
[Date "2014.07.07"]
[Round "?"]
[White "Jeute, Volkmar Peter"]
[Black "Hinz, Juergen"]
[Result "0-1"]
[WhiteElo "1988"]
[BlackElo "2028"]
[PlyCount "132"]
[EventDate "2014.06.20"]
[EventType "tourn (corr)"]
[EventRounds "6"]
[EventCountry "GER"]
[SourceTitle "Corr 2020"]
[Source "ChessBase"]
[SourceDate "2019.09.30"]
[SourceVersion "1"]
[SourceVersionDate "2019.09.30"]
[SourceQuality "1"]

1. d4 d5 2. Nf3 Nf6 3. e3 e6 4. Bd3 c5 5. c3 Nc6 6. Nbd2 Bd6 7. 0-0 0-0 8. dxc5 Bxc5 9. b4 Bd6 10. Bb2 a6 11. Re1 Qc7 12. Qe2 Rd8 13. h3 Ne5 14. Nxe5 Bxe5 15. Nf3 Bd6 16. Nd2 e5 17. c4 e4 18. Bb1 Bh2+ 19. Kh1 Be5 20. Bd4 dxc4 21. Nxe4 Nd5 22. Nd2 Bxd4 23. exd4 Be6 24. Qxc4 Qxc4 25. Nxc4 Nxb4 26. Nb6 Rab8 27. a3 Nc6 28. d5 Bxd5 29. Nxd5 Rxd5 30. Be4 Rd6 31. Rad1 Re6 32. g4 Na5 33. Bg2 Rxe1+ 34. Rxe1 Kf8 35. Rd1 Ke7 36. Re1+ Kd6 37. Rd1+ Kc7 38. Rc1+ Nc6 39. g5 Rd8 40. Rc3 Rd4 41. Kh2 Kd6 42. Kg3 Nd8 43. h4 b5 44. h5 g6 45. h6 Ke7 46. Rc7+ Rd7 47. Rc8 Rd3+ 48. Kf4 Ne6+ 49. Ke5 Rd2 50. Bc6 Re2+ 51. Kd5 Nf4+ 52. Kc5 Rc2+ 53. Kb6 Ne6 54. Kxa6 Kd6 55. Kb6 Rc3 56. f4 Rxa3 57. Rh8 Ra4 58. Rxh7 Rxf4 59. Rh8 Rh4 60. h7 Ke5 61. Bxb5 Kf5 62. Bd7 Kxg5 63. Bxe6 fxe6 64. Kc5 Kh6 65. Kd6 Kg7 66. Re8 Rxh7 0-1

[Event "GER MS-197 email"]
[Site "GER email"]
[Date "2014.05.08"]
[Round "?"]
[White "Hinz, Juergen"]
[Black "Krumm, Guenther"]
[Result "1/2-1/2"]
[WhiteElo "2034"]
[BlackElo "2013"]
[PlyCount "59"]
[EventDate "2014.05.19"]
[EventType "tourn (corr)"]
[EventRounds "6"]
[EventCountry "GER"]
[SourceTitle "Corr 2020"]
[Source "ChessBase"]
[SourceDate "2019.09.30"]
[SourceVersion "1"]
[SourceVersionDate "2019.09.30"]
[SourceQuality "1"]

1. e4 c5 2. Nf3 Nc6 3. Bb5 e6 4. 0-0 Nge7 5. Re1 a6 6. Bf1 d5 7. exd5 Nxd5 8. d4 Nf6 9. Be3 Be7 10. dxc5 Qxd1 11. Rxd1 Ng4 12. Bf4 Bxc5 13. Bg3 h5 14. Rd2 h4 15. Bc7 b5 16. Nc3 Nf6 17. Ng5 Bb4 18. a4 bxa4 19. Rxa4 Bd7 20. Bf4 a5 21. Ra1 Ne7 22. Rdd1 Bxc3 23. bxc3 Bc6 24. f3 0-0 25. c4 Nf5 26. Kf2 a4 27. Re1 Rfe8 28. Bc1 Nd7 29. Ra2 e5 30. Ba3 1/2-1/2

[Event "GER MS-197 email"]
[Site "GER email"]
[Date "2014.05.08"]
[Round "?"]
[White "Hinz, Juergen"]
[Black "Rimpau, Thomas"]
[Result "1/2-1/2"]
[WhiteElo "2034"]
[BlackElo "2005"]
[PlyCount "62"]
[EventDate "2014.05.19"]
[EventType "tourn (corr)"]
[EventRounds "6"]
[EventCountry "GER"]
[SourceTitle "Corr 2020"]
[Source "ChessBase"]
[SourceDate "2019.09.30"]
[SourceVersion "1"]
[SourceVersionDate "2019.09.30"]
[SourceQuality "1"]

1. e4 e5 2. Nf3 Nc6 3. Bb5 a6 4. Ba4 Nf6 5. 0-0 Be7 6. Re1 b5 7. Bb3 d6 8. c3 0-0 9. h3 Nb8 10. d4 Nbd7 11. Nbd2 Bb7 12. Bc2 Re8 13. Nf1 Bf8 14. Ng3 g6 15. Bg5 h6 16. Bd2 Bg7 17. a4 c5 18. d5 Nb6 19. Qe2 c4 20. b4 Qc7 21. Be3 Kh7 22. Ra3 Reb8 23. Rea1 Kh8 24. Nh2 Nbd7 25. Qd1 Ng8 26. h4 Ndf6 27. h5 Qd7 28. Nhf1 Ne7 29. Qf3 Kh7 30. Bb6 Bc8 31. Be3 Bb7 1/2-1/2

[Event "GER-ch 2013-A-V4 serv"]
[Site "GER email"]
[Date "2013.02.16"]
[Round "?"]
[White "Hinz, Juergen"]
[Black "Arnold, Horst"]
[Result "0-1"]
[WhiteElo "1956"]
[BlackElo "2068"]
[PlyCount "34"]
[EventDate "2013.02.25"]
[EventType "tourn (corr)"]
[EventRounds "6"]
[EventCountry "GER"]
[SourceTitle "Corr 2015"]
[Source "ChessBase"]
[SourceDate "2015.07.17"]
[SourceVersion "1"]
[SourceVersionDate "2015.07.17"]
[SourceQuality "1"]

1. e4 g6 2. d4 Bg7 3. Nf3 d6 4. Nc3 Nf6 5. Be2 0-0 6. 0-0 c6 7. h3 Nbd7 8. Be3 Qc7 9. a4 b6 10. Nd2 e5 11. d5 Bb7 12. Nc4 cxd5 13. exd5 Ba6 14. Nb5 Bxb5 15. axb5 Ne4 16. c3 f5 17. Qd2 Nxd2 0-1

[Event "GER-ch 2013-A-V4 serv"]
[Site "GER email"]
[Date "2013.02.16"]
[Round "?"]
[White "Hinz, Juergen"]
[Black "Just, Joachim"]
[Result "1-0"]
[WhiteElo "1956"]
[BlackElo "1980"]
[PlyCount "109"]
[EventDate "2013.02.25"]
[EventType "tourn (corr)"]
[EventRounds "6"]
[EventCountry "GER"]
[SourceTitle "Corr 2015"]
[Source "ChessBase"]
[SourceDate "2015.07.17"]
[SourceVersion "1"]
[SourceVersionDate "2015.07.17"]
[SourceQuality "1"]

1. c4 e5 2. g3 Nf6 3. Nc3 d5 4. cxd5 Nxd5 5. Bg2 Nb6 6. Nf3 Nc6 7. 0-0 Be7 8. d3 0-0 9. a3 Be6 10. Be3 f5 11. Rc1 f4 12. Bd2 Kh8 13. Ne4 Qe8 14. b4 a6 15. Rxc6 bxc6 16. Nxe5 fxg3 17. hxg3 Bd5 18. Qc2 Bd6 19. Nf3 Nc8 20. Re1 Na7 21. a4 Qe7 22. Nxd6 cxd6 23. e4 Be6 24. Qc3 Bg4 25. Bf4 Rfe8 26. Nd2 Rf8 27. e5 d5 28. Nb3 Qe8 29. Be3 Qg6 30. Bc5 Rfe8 31. Nd4 Bd7 32. Qd2 Nc8 33. Qf4 Be6 34. Nxc6 h6 35. Bf3 Bd7 36. Nd4 Ne7 37. e6 Bxa4 38. Ra1 Bb5 39. Bxe7 Rxe7 40. Nxb5 Rxe6 41. Bxd5 Rf6 42. Qe4 Rc8 43. Nd4 Rd8 44. Kg2 Qxe4+ 45. dxe4 Rb6 46. Nf5 h5 47. Ne3 Rc8 48. Ra4 h4 49. gxh4 Rg6+ 50. Kh3 Rf6 51. Nc4 Rb8 52. e5 Rxf2 53. Rxa6 g6 54. e6 Re2 55. Ra7 1-0

[Event "GER MS-174 email"]
[Site "GER email"]
[Date "2013.02.06"]
[Round "?"]
[White "Hinz, Juergen"]
[Black "Wurtinger, Rainer"]
[Result "1/2-1/2"]
[WhiteElo "1956"]
[BlackElo "2166"]
[PlyCount "155"]
[EventDate "2013.02.22"]
[EventType "tourn (corr)"]
[EventRounds "6"]
[EventCountry "GER"]
[SourceTitle "Corr 2015"]
[Source "ChessBase"]
[SourceDate "2015.07.17"]
[SourceVersion "1"]
[SourceVersionDate "2015.07.17"]
[SourceQuality "1"]

1. e4 c5 2. Nf3 d6 3. d4 cxd4 4. Qxd4 Nc6 5. Qe3 g6 6. Be2 Bg7 7. 0-0 Nf6 8. Nc3 Bg4 9. Rd1 Nd7 10. Nd5 0-0 11. c3 Rc8 12. h3 Bxf3 13. Qxf3 e6 14. Ne3 Nce5 15. Qg3 Nc5 16. f3 Qe7 17. Nc2 Bf6 18. Bf4 Na4 19. Rab1 Rfd8 20. Qf2 a6 21. Nb4 Bh4 22. g3 Bf6 23. Be3 Bg7 24. Kg2 Re8 25. h4 h5 26. Bg5 Qd7 27. Bf1 Nc5 28. Rd2 Bf8 29. Bf4 Qc7 30. Rbd1 Red8 31. Bg5 Re8 32. Bf4 Red8 33. Bg5 Be7 34. Be3 Rf8 35. Qe2 Rfe8 36. Bg1 Ncd7 37. Nd3 Nc4 38. Rc2 Bf6 39. Nb4 Qb8 40. Rcc1 Bg7 41. b3 Nce5 42. Be3 Nc5 43. c4 Qc7 44. Nc2 Nc6 45. Qd2 Bb2 46. Rb1 Be5 47. Ne1 a5 48. Nc2 Red8 49. Na3 Na7 50. Kh2 b6 51. f4 Bg7 52. Bg2 Qe7 53. Rf1 Rd7 54. Rbe1 Kh7 55. Rd1 Qd8 56. Rf2 Qe7 57. Bd4 Bxd4 58. Qxd4 Rdd8 59. Qe3 Nd7 60. Nb1 Nf6 61. Bf3 b5 62. Nc3 bxc4 63. e5 Ne8 64. bxc4 Rxc4 65. exd6 Rxd6 66. Nd5 Qf8 67. Qxa7 exd5 68. Rxd5 Rxd5 69. Bxd5 Rc7 70. Qxa5 Qd6 71. Bf3 Rc5 72. Qb4 Qc7 73. Qb7 Qxb7 74. Bxb7 Nd6 75. Bf3 Rc3 76. Bd1 Ne4 77. Rf3 Rc1 78. Ba4 1/2-1/2

[Event "GER MS-174 email"]
[Site "GER email"]
[Date "2013.02.06"]
[Round "?"]
[White "Neubauer, Ralf"]
[Black "Hinz, Juergen"]
[Result "1/2-1/2"]
[WhiteElo "2050"]
[BlackElo "1956"]
[PlyCount "73"]
[EventDate "2013.02.22"]
[EventType "tourn (corr)"]
[EventRounds "6"]
[EventCountry "GER"]
[SourceTitle "Corr 2015"]
[Source "ChessBase"]
[SourceDate "2015.07.17"]
[SourceVersion "1"]
[SourceVersionDate "2015.07.17"]
[SourceQuality "1"]

1. d4 d5 2. c4 c6 3. Nf3 Nf6 4. Nc3 e6 5. e3 Nbd7 6. Qc2 Bd6 7. Bd3 0-0 8. 0-0 dxc4 9. Bxc4 a6 10. a4 c5 11. Rd1 cxd4 12. exd4 Qc7 13. Qe2 b6 14. d5 Ne5 15. Nxe5 Bxe5 16. h3 Re8 17. Be3 Bxc3 18. d6 Qc6 19. bxc3 Bb7 20. f3 Nd5 21. Bxd5 exd5 22. Qd2 Qxd6 23. Rab1 Bc6 24. Rxb6 Qd7 25. a5 Ba4 26. Re1 Bb5 27. Bc5 Qc7 28. Bd6 Qc4 29. Be5 f6 30. Bd4 Qc7 31. Ree6 Rxe6 32. Rxe6 Re8 33. Rxe8+ Bxe8 34. Qe2 Qc8 35. Qe7 Bb5 36. g4 Qe8 37. Qxe8+ 1/2-1/2

[Event "GER MS-174 email"]
[Site "GER email"]
[Date "2013.02.06"]
[Round "?"]
[White "Walther, Joachim"]
[Black "Hinz, Juergen"]
[Result "1/2-1/2"]
[WhiteElo "2003"]
[BlackElo "1956"]
[PlyCount "45"]
[EventDate "2013.02.22"]
[EventType "tourn (corr)"]
[EventRounds "6"]
[EventCountry "GER"]
[SourceTitle "Corr 2015"]
[Source "ChessBase"]
[SourceDate "2015.07.17"]
[SourceVersion "1"]
[SourceVersionDate "2015.07.17"]
[SourceQuality "1"]

1. d4 d5 2. c4 c6 3. Nf3 Nf6 4. e3 Bg4 5. h3 Bh5 6. Nc3 e6 7. g4 Bg6 8. Ne5 Nbd7 9. Nxg6 hxg6 10. Qf3 Bb4 11. Bd2 Bxc3 12. Bxc3 Ne4 13. Rc1 Nxc3 14. Rxc3 Nb6 15. a3 g5 16. cxd5 exd5 17. Bd3 Kf8 18. 0-0 Rh6 19. Qg3 Qe7 20. Re1 Re6 21. Kg2 Re8 22. Rc2 Nc8 23. b4 1/2-1/2

[Event "GER MS-110 email"]
[Site "GER email"]
[Date "2010.10.11"]
[Round "?"]
[White "Heinrich, Olaf Wittmund"]
[Black "Hinz, Juergen"]
[Result "1-0"]
[WhiteElo "1969"]
[BlackElo "1983"]
[PlyCount "30"]
[EventDate "2010.10.20"]
[EventType "tourn (corr)"]
[EventRounds "6"]
[EventCountry "GER"]
[SourceTitle "Corr 2013"]
[Source "ChessBase"]
[SourceDate "2012.11.12"]
[SourceVersion "1"]
[SourceVersionDate "2012.11.12"]
[SourceQuality "1"]

1. e4 e5 2. Nf3 Nc6 3. Bc4 Bc5 4. b4 Bxb4 5. c3 Ba5 6. d4 exd4 7. 0-0 Nge7 8. Ng5 d5 9. exd5 Ne5 10. Qxd4 f6 11. Re1 Bb6 12. Qh4 Nxc4 13. Qxc4 fxg5 14. d6 cxd6 15. Bxg5 Kd7 1-0

[Event "GER MS-110 email"]
[Site "GER email"]
[Date "2010.10.11"]
[Round "?"]
[White "Hinz, Juergen"]
[Black "Herzog, Klaus"]
[Result "1/2-1/2"]
[WhiteElo "1983"]
[BlackElo "1939"]
[PlyCount "32"]
[EventDate "2010.10.20"]
[EventType "tourn (corr)"]
[EventRounds "6"]
[EventCountry "GER"]
[SourceTitle "Corr 2013"]
[Source "ChessBase"]
[SourceDate "2012.11.12"]
[SourceVersion "1"]
[SourceVersionDate "2012.11.12"]
[SourceQuality "1"]

1. c4 e5 2. g3 f5 3. Bg2 Nf6 4. Nc3 Bb4 5. Nd5 Nxd5 6. cxd5 0-0 7. Nf3 d6 8. 0-0 e4 9. Nd4 Bc5 10. e3 Bxd4 11. exd4 Qf6 12. d3 Qxd4 13. dxe4 Qxd1 14. Rxd1 fxe4 15. Bxe4 Bf5 16. Bg2 Nd7 1/2-1/2

[Event "GER MS-074 email"]
[Site "GER email"]
[Date "2010.07.18"]
[Round "?"]
[White "Eckel, Gerald"]
[Black "Hinz, Juergen"]
[Result "1/2-1/2"]
[WhiteElo "1936"]
[BlackElo "1983"]
[PlyCount "47"]
[EventDate "2010.07.25"]
[EventType "tourn (corr)"]
[EventRounds "6"]
[EventCountry "GER"]
[SourceTitle "Corr 2013"]
[Source "ChessBase"]
[SourceDate "2012.11.12"]
[SourceVersion "1"]
[SourceVersionDate "2012.11.12"]
[SourceQuality "1"]

1. d4 d5 2. c4 e6 3. Nf3 Nf6 4. Nc3 Be7 5. Bg5 h6 6. Bh4 0-0 7. e3 b6 8. Rc1 Bb7 9. Qc2 c5 10. dxc5 bxc5 11. cxd5 exd5 12. Be2 Nbd7 13. 0-0 Rc8 14. Rfd1 Qb6 15. Rd2 Bd6 16. Rcd1 Bc7 17. Bb5 Ne5 18. Nxe5 Bxe5 19. Bxf6 Bxf6 20. Bd7 Rc7 21. Nxd5 Bxd5 22. Rxd5 Qxb2 23. Qc4 Rb8 24. Qf4 1/2-1/2

[Event "GER MS-090 email"]
[Site "GER email"]
[Date "2009.12.18"]
[Round "?"]
[White "Grube, Frank"]
[Black "Hinz, Juergen"]
[Result "1/2-1/2"]
[WhiteElo "2125"]
[BlackElo "1983"]
[PlyCount "50"]
[EventDate "2009.12.23"]
[EventType "tourn (corr)"]
[EventRounds "5"]
[EventCountry "GER"]
[SourceTitle "Corr 2013"]
[Source "ChessBase"]
[SourceDate "2012.11.12"]
[SourceVersion "1"]
[SourceVersionDate "2012.11.12"]
[SourceQuality "1"]

1. d4 d5 2. Nf3 Nf6 3. e3 c5 4. c4 cxd4 5. exd4 Nc6 6. Nc3 Bg4 7. cxd5 Nxd5 8. Qb3 Bxf3 9. gxf3 e6 10. Qxb7 Nxd4 11. Bb5+ Nxb5 12. Qc6+ Ke7 13. Qxb5 Qd7 14. Nxd5+ Qxd5 15. Qxd5 exd5 16. Be3 Ke6 17. 0-0-0 Bb4 18. Kb1 Rhc8 19. Rd3 Rc7 20. Rb3 Be7 21. Rb5 Rd7 22. Re1 Kf5 23. Rd1 Ke6 24. Re1 Kf5 25. Rd1 Ke6 1/2-1/2

[Event "GER MS-090 email"]
[Site "GER email"]
[Date "2009.12.18"]
[Round "?"]
[White "Hinz, Juergen"]
[Black "Jankowiak, Andreas"]
[Result "1/2-1/2"]
[WhiteElo "1983"]
[BlackElo "2016"]
[PlyCount "45"]
[EventDate "2009.12.23"]
[EventType "tourn (corr)"]
[EventRounds "5"]
[EventCountry "GER"]
[SourceTitle "Corr 2013"]
[Source "ChessBase"]
[SourceDate "2012.11.12"]
[SourceVersion "1"]
[SourceVersionDate "2012.11.12"]
[SourceQuality "1"]

1. e4 e5 2. Nf3 Nc6 3. Bb5 a6 4. Bxc6 dxc6 5. 0-0 Qd6 6. Na3 b5 7. c3 c5 8. Nc2 Bb7 9. Re1 Be7 10. d4 exd4 11. cxd4 cxd4 12. a4 c5 13. b4 Qb6 14. bxc5 Bxc5 15. Ba3 Ne7 16. Bxc5 Qxc5 17. axb5 axb5 18. Rc1 0-0 19. Ncxd4 Qb6 20. Rb1 Bc6 21. Qb3 Rfb8 22. Qb4 Qb7 23. h3 1/2-1/2

[Event "GER MS-083 email"]
[Site "GER email"]
[Date "2009.10.05"]
[Round "?"]
[White "Hinz, Juergen"]
[Black "Packroff, Hermann"]
[Result "1/2-1/2"]
[WhiteElo "1983"]
[BlackElo "1933"]
[PlyCount "52"]
[EventDate "2009.10.12"]
[EventType "tourn (corr)"]
[EventRounds "6"]
[EventCountry "GER"]
[SourceTitle "Corr 2013"]
[Source "ChessBase"]
[SourceDate "2012.11.12"]
[SourceVersion "1"]
[SourceVersionDate "2012.11.12"]
[SourceQuality "1"]

1. d4 d5 2. c4 c6 3. Nf3 Nf6 4. Nc3 e6 5. e3 Nbd7 6. Qc2 Bd6 7. g4 dxc4 8. Bxc4 e5 9. g5 Nd5 10. Bd2 exd4 11. Nxd5 cxd5 12. Bxd5 0-0 13. 0-0-0 Nb6 14. Be4 Bg4 15. Nxd4 Bxd1 16. Rxd1 Qxg5 17. Bc3 Rac8 18. Bxh7+ Kh8 19. Bf5 Rc5 20. Be4 Rd8 21. Nf5 Be5 22. f4 Rxd1+ 23. Qxd1 Bxf4 24. h4 Bxe3+ 25. Kb1 Rd5 26. Bxg7+ Kg8 1/2-1/2